00363nam a2200145Ia 4500008004100000020001500041041001200056082001600068100001600084245005000100260003100150300000800181650001500189700001300204221030s9999 xx 000 0 und d a8126113960 aEnglish a105.23bSud aA. S. Sudan 0aManagement Process & Organizational Behaviour bAnmol PubaNew Delhic2003 a647 aManagement aN. Kumar